1975 1643 1062 1277 1532 1444 1430 1016 1938 1976 1017 1994 1442 1600 1393 1717 1517 1203 1474 1713 1659 1289 1872 1544 1064 1212 1804 1167 1632 1003 1859 1393 1081 1955 1078 1562 1825 1826 1156 1504 1890 1302 1923 1938 1236 1581 1663 1471 1571 1299 1094 1386 1712 1614 1583 1089 1836 1164 1862 1313 1043 1194 1868 1450 1091 1088 1611 1104 1687 1191 1837 1741 1673 1430 1006 1633 1638 1757 1492 1945 1958 1770 1507 1891 1592 1462 1362 1099 1107 1569 1274 1165 1029 1417 1130 1105 1394 1655 1750 BCNSPRNW ULIB Ver.6.0+V

เปลี่ยนเป็นภาษาไทย

Change to English
 แสดงรายละเอียดบรรณานุกรม
  กลับหน้าหลัก

Brief Record : Get Marc (ISO 2709) : E-mail record : QR code < ปิดหน้าต่าง
LEADER : 00000nam 2200000uu 4500
001    13399120617
003     ULIB
008    120928s2545||||th 000 0 tha d
020    ^a9741320604
060 04 ^aWY159^bร423ก 2545
100 0  ^aรัชตะวรรณ โอฬาพิริยกุล
245 10 ^aการพยาบาลทารกแรกเกิดภาวะวิกฤต /^cรัชตะวรรณ โอฬาพิริยกุล
250    ^aพิมพ์ครั้งที่ 2
260    ^aกรุงเทพฯ :^bจุฬาลงกรณ์มหาวิทยาลัย,^c2545
300    ^a388 หน้า :^bภาพประกอบ ;^c21 ซม.
650  7 ^aทารกแรกเกิด,โรค
650  7 ^aการพยาบาลกุมารเวชศาสตร์
650  7 ^aภาวะฉุกเฉิน^xการพยาบาล
650  7 ^aภาวะวิกฤต,การดูแล
945    ^p170^l0^i13215
945    ^p170^l0^i13216
995    ^aวิภา
999 ^a ใช้งานได้ทุกระบบ
รายการนี้ยังไม่มีแท็ก
คุณยังไม่ได้ล็อกอิน คุณสามารถมีกิจกรรมร่วมกับเว็บไซต์ได้ แต่ต้องล็อกอินก่อน ::
  ล็อกอิน

รายการสื่อสารสนเทศ

ลำดับที่ ประเภท เลขเรียก/บาร์โค้ด สถานที่ สถานะ
1. วิทยาศาสตร์การแพทย์ และสุขภาพ
วิทยาศาสตร์การแพทย์ และสุขภาพ
WY159 ร423ก 2545  
  Barcode: 13215
ห้องสมุดวิทยาเขตสวรรค์ประชารักษ์
►หนังสือทั่วไป
ถูกยืม กำหนดส่งวันที่ 11 พฤษภาคม 2558
  จอง
2. วิทยาศาสตร์การแพทย์ และสุขภาพ
วิทยาศาสตร์การแพทย์ และสุขภาพ
WY159 ร423ก 2545 ฉ.2 
  Barcode: 13216
ห้องสมุดวิทยาเขตสวรรค์ประชารักษ์
►หนังสือทั่วไป
ถูกยืม กำหนดส่งวันที่ 11 พฤษภาคม 2558
  จอง

รายการใกล้เคียง
    ผู้แต่ง [รัชตะวรรณ โอฬาพิริยกุล]

    หัวเรื่อง [ทารกแรกเกิด,โรค]
    หัวเรื่อง [การพยาบาลกุมารเวชศาสตร์]
    หัวเรื่อง [ภาวะวิกฤต,การดูแล]

BibComment


ยังไม่เคยถูกคอมเมนท์

คอมเมนท์ทรัพยากรรายการนี้
  คอมเมนท์: การพยาบาลทารกแรก..


 Copyright 2026. Bcnsprnw @Library